MARC

LEADER 00000nam0a2200000 4500
001 298889
005 20231102001141.0
035 |a (RuTPU)RU\TPU\book\324040 
090 |a 298889 
100 |a 20150623d1982 k y0rusy50 ca 
101 0 |a rus 
102 |a RU 
105 |a a z 001zy 
200 1 |a Основы безбумажной информатики  |f В. М. Глушков 
210 |a Москва  |c Наука  |d 1982 
215 |a 552 с.  |c ил. 
320 |a Библиогр.: с. 538-540 
320 |a Предметный указатель: с. 541-548 
606 1 |a Информатика безбумажная  |2 stltpush  |3 (RuTPU)RU\TPU\subj\12882  |9 39589 
610 1 |a информация 
610 1 |a обработка на ЭВМ 
610 1 |a преобразователи 
610 1 |a запоминающие устройства 
610 1 |a вводно-выводные устройства 
610 1 |a программирование 
610 1 |a базы данных 
610 1 |a многомашинные системы 
610 1 |a оптимизация 
610 1 |a математические методы 
610 1 |a измерения 
610 1 |a автоматизация 
610 1 |a организационное управление 
610 1 |a искусственный интеллект 
675 |a 681.327.2  |v 4 
700 1 |a Глушков  |b В. М.  |g Виктор Михайлович 
801 1 |a RU  |b 63413507  |c 20150623 
801 2 |a RU  |b 63413507  |c 20180705  |g RCR 
942 |c BK